Atlas del Nuevo Mundo

Gespeichert in:
Bibliographische Detailangaben
1. Verfasser: Hernández Millares, Jorge (VerfasserIn)
Format: Buch
Sprache:Spanisch
Veröffentlicht: Ciudad de México Fondo de Cultura Económica 1962
Schriftenreihe:Breviarios del Fondo de Cultura Económica, 162
Schlagworte:
Tags: Tag hinzufügen
Keine Tags, Fügen Sie den ersten Tag hinzu!

MARC

LEADER 00000nam a2200000 a 4500
001 UCX7187
003 CL-VaPUC
008 931130e19620000MX |||||||||||||||||spa|d
082 0 4 |a 912  |b HER  |2 21 
100 |a Hernández Millares, Jorge  |e author  |9 437673 
245 1 0 |a Atlas del Nuevo Mundo 
300 |a 96 p 
942 |c BK 
945 |d 19931130 00:00:00  |a aalvarez 
260 |a Ciudad de México  |b Fondo de Cultura Económica  |c 1962 
650 0 |a Mapas  |9 260844 
651 0 |a América  |9 255182 
583 |a last modification  |c 19931130 00:00:00  |k Rodrigo Vera 
490 0 |a Breviarios del Fondo de Cultura Económica, 162 
999 |c 227080  |d 227078 
952 |0 0  |1 0  |4 0  |6 912_000000000000000_HER_1962  |7 0  |8 DER_HDC  |9 225861  |a BIBDER  |b BIBDER  |d 2019-11-15  |i 2945037  |o 912 HER 1962  |p 2945037  |r 2023-01-25  |w 2019-11-15  |x Ubicación 4to Piso  |y BK  |z Estos recursos deben solicitarse con anticipación  |k DER